The budget management in department of agronomy and agricultural land improvement, ការគ្រប់គ្រងថវិកានៅនាយកដ្ឋានត្សេត្រសាស្រ្ត​និងកែលំអដីកសិកម្ម (Record no. 4331)

000 -LEADER
fixed length control field 00624nam a22001577a 4500
003 - CONTROL NUMBER IDENTIFIER
control field OSt
005 - DATE AND TIME OF LATEST TRANSACTION
control field 20151210111233.0
008 - FIXED-LENGTH DATA ELEMENTS--GENERAL INFORMATION
fixed length control field 151210b xxu||||| |||| 00| 0 eng d
040 ## - CATALOGING SOURCE
Transcribing agency RUA
082 ## - DEWEY DECIMAL CLASSIFICATION NUMBER
Classification number ATM TIT 2004 B205 Or.1
100 ## - MAIN ENTRY--PERSONAL NAME
9 (RLIN) 4649
Personal name TITH, SIMO
245 ## - TITLE STATEMENT
Title The budget management in department of agronomy and agricultural land improvement, ការគ្រប់គ្រងថវិកានៅនាយកដ្ឋានត្សេត្រសាស្រ្ត​និងកែលំអដីកសិកម្ម
260 ## - PUBLICATION, DISTRIBUTION, ETC. (IMPRINT)
Place of publication, distribution, etc. Phnom Penh
Name of publisher, distributor, etc. RUA
Date of publication, distribution, etc. 2004
300 ## - PHYSICAL DESCRIPTION
Extent vi, 48p.
Other physical details ill.
Dimensions 2004
942 ## - ADDED ENTRY ELEMENTS (KOHA)
Source of classification or shelving scheme
Koha item type ATM
Holdings
Price effective from Date last seen Permanent Location Not for loan Date acquired Source of classification or shelving scheme Koha item type Barcode Lost status Damaged status Withdrawn status Current Location Full call number
2015-12-102015-12-10Library Block B 2015-12-10 ATMRUA033585   Library Block BATM TIT 2004 B205 Or.1
2015-12-102015-12-10Library Block B 2015-12-10 ATMRUA034600   Library Block BATM TIT 2004 B205 Or.2
2015-12-102015-12-10Library Block B 2015-12-10 ATMRUA034245   Library Block BATM TIT 2004 B205 Or.3
2015-12-102015-12-10Library Block B 2015-12-10 ATMRUA033813   Library Block BATM TIT 2004 B205 Or.4
2015-12-102015-12-10Library Block B 2015-12-10 ATMRUA033652   Library Block BATM TIT 2004 B205 Or.5
2015-12-102015-12-10Library Block B 2015-12-10 ATMRUA038990   Library Block BATM TIT 2004 B205 Or.6
2015-12-102015-12-10Library Block B 2015-12-10 ATMRUA039110   Library Block BATM TIT 2004 B205 Or.7
2015-12-102015-12-10Library Block B 2015-12-10 ATMRUA039291   Library Block BATM TIT 2004 B205 Or.8
2015-12-102015-12-10Library Block B 2015-12-10 ATMRUA039116   Library Block BATM TIT 2004 B205 Or.9
2015-12-102015-12-10Library Block B 2015-12-10 ATMRUA038912   Library Block BATM TIT 2004 B205 Or.10
2015-12-102015-12-10Library Block B 2015-12-10 ATMRUA039173   Library Block BATM TIT 2004 B205 Or.11
មជ្ឈមណ្ឌលឯការនៃសាកលវិទ្យាល័យភូមិន្ទកសិកម្មចំការដូង

Powered by Koha